LEADER 00870nam0-2200289 --450 001 9910922148203321 005 20250115122858.0 010 $a978-88-288-3508-0 100 $a20250115d2024----kmuy0itay5050 ba 101 0 $aita 102 $aIT 105 $a 001yy 200 1 $a<>obbligazioni$fUmberto Breccia con Filippo Viglione 205 $aRistampa aggiornata 210 $aMilano$cGiuffrè$d2024 215 $aXXIV, 1162 p.$d21 cm 225 1 $aTrattato di diritto privato$fa cura di Giovanni Iudica e Paolo Zatti 676 $a346.4502$v23$zita 700 1$aBreccia,$bUmberto$f<1943- >$035651 701 1$aViglione,$bFilippo$0288634 801 0$aIT$bUNINA$gREICAT$2UNIMARC 901 $aBK 912 $a9910922148203321 952 $aVIII B 666 (1, RIST.)$b2024/1947$fFGBC 959 $aFGBC 996 $aObbligazioni$94308795 997 $aUNINA